वास्तु-शास्त्र से सीखो जीवन जीना व निवास करना / (Record no. 112108)

MARC details
000 -LEADER
fixed length control field 01144nam a22002537a 4500
005 - DATE AND TIME OF LATEST TRANSACTION
control field 20170124102934.0
010 ## - LIBRARY OF CONGRESS CONTROL NUMBER
LC control number B-017188
020 ## - INTERNATIONAL STANDARD BOOK NUMBER
Terms of availability 125.00
035 ## - SYSTEM CONTROL NUMBER
System control number B-017188
037 ## - SOURCE OF ACQUISITION
Source of stock number/acquisition Cen Lib/Ret
040 ## - CATALOGING SOURCE
Original cataloging agency DPL
Language of cataloging HN
082 ## - DEWEY DECIMAL CLASSIFICATION NUMBER
Classification number 133.323
Item number त्यागीनि
100 ## - MAIN ENTRY--PERSONAL NAME
Personal name त्यागी, निशा
9 (RLIN) 45951
245 ## - TITLE STATEMENT
Title वास्तु-शास्त्र से सीखो जीवन जीना व निवास करना /
Statement of responsibility, etc निशा त्यागी
246 ## - VARYING FORM OF TITLE
Title proper/short title Vaastu-shastr se seekho jeevan jeena va nivas karna /
Remainder of title by Nisha Tyagi
260 ## - PUBLICATION, DISTRIBUTION, ETC. (IMPRINT)
Name of publisher, distributor, etc अमर स्वामी प्रकाशन विभाग
Place of publication, distribution, etc गाज़ियाबाद
Date of publication, distribution, etc 1999
270 ## - ADDRESS
Address 105-विवेकानन्द नगर
City उत्तर प्रदेश
Postal code 201 001
300 ## - PHYSICAL DESCRIPTION
Extent 208पृ. :
Dimensions 21सेमी (सजिल्द)
Other physical details सचित्र
650 ## - SUBJECT ADDED ENTRY--TOPICAL TERM
Topical term or geographic name as entry element वास्तु-शास्त्र
9 (RLIN) 45952
650 ## - SUBJECT ADDED ENTRY--TOPICAL TERM
Topical term or geographic name as entry element वास्तु
9 (RLIN) 45953
650 ## - SUBJECT ADDED ENTRY--TOPICAL TERM
Topical term or geographic name as entry element Vastu-shastra
9 (RLIN) 45954
650 ## - SUBJECT ADDED ENTRY--TOPICAL TERM
Topical term or geographic name as entry element Vastu
9 (RLIN) 45955
942 ## - ADDED ENTRY ELEMENTS (KOHA)
Source of classification or shelving scheme Dewey Decimal Classification
Koha item type Hindi Books
Classification part 133.323
Call number suffix त्यागीनि
Holdings
Withdrawn status Lost status Damaged status Not for loan Home library Current library Date acquired Source of acquisition Cost, normal purchase price Total Checkouts Total Renewals Full call number Barcode Date last seen Date checked out Copy number Cost, replacement price Price effective from Koha item type
        Central Library Central Library 07/08/2015 Cen Lib/Ret 125.00 7 6 133.323 त्यागीनि B-017188 17/04/2023 03/04/2023 1 125.00 07/08/2015 Hindi Books

© Delhi Public Library
Hit Counter
free hit counter